Scandinavian Trivia - Statistics

General Stats
  • This quiz has been taken 107 times
    97 since last reset
  • The average score is 7 of 10
Answer Stats
Hint Answer % Correct
Country that borders Canada? Denmark
98%
What is the smallest country by population? Iceland
98%
What is the largest city in Scandinavia? Stockholm
98%
Who were the second people to discover North America? Vikings
75%
What is the population of Greenland? (thousands) 57
72%
About how many saunas are in Finland? (millions) 3
71%
Huge Island above Norway? Svalbard
71%
What Scandinavian countries are in NATO? All of them
33%
What do Americans call Nordic Skiing? Cross Country Skiing
31%
Mountains surrounding a water inlet, found in Norway? Fjords
31%
No matching quizzes found
Score Distribution
Percent of People with Each Score
Percentile by Number Answered
Your Score History
You have not taken this quiz since the last reset